| 000 | 00706cam a22002292 4500 | ||
|---|---|---|---|
| 001 | 0000001662 | ||
| 005 | 20151217145725.0 | ||
| 008 | 070321s xx 000 0 eng d | ||
| 020 | _a0873936183 : | ||
| 040 |
_aKABU _cKABU |
||
| 050 | 0 |
_aHD30.28 _b.D54 1997 |
|
| 100 | 1 |
_aDigman, Lester A. _@0000150595 |
|
| 245 | 1 | 0 |
_aStrategic management : _bconcepts, processes, decisions / _cLester A. Digman. |
| 250 | _a4th ed. | ||
| 260 |
_aHouston, TX : _bDame Publications, _c1997. |
||
| 300 |
_a1 v. (various pagings) : _bill. ; _c24 cm. |
||
| 650 | 0 |
_aStrategic planning. _@0000150576 |
|
| 908 | _a070321 | ||
| 950 | _@1 | ||
| 999 |
_c1919 _d1919 |
||